naxalite MoveMent : ABiggest Challenge to The Internal Security (Record no. 64072)
[ view plain ]
| 000 -LEADER | |
|---|---|
| fixed length control field | 00236nam a22000977a 4500 |
| 082 ## - DEWEY DECIMAL CLASSIFICATION NUMBER | |
| Classification number | 364 |
| 100 ## - MAIN ENTRY--AUTHOR NAME | |
| Personal name | Kumar, Uday |
| 245 ## - TITLE STATEMENT | |
| Title | naxalite MoveMent : ABiggest Challenge to The Internal Security |
| 650 ## - SUBJECT ADDED ENTRY--TOPICAL TERM | |
| Topical Term | 364 |
| 942 ## - ADDED ENTRY ELEMENTS (KOHA) | |
| Koha item type | Books |
| Withdrawn status | Lost status | Damaged status | Not for loan | Home library | Current library | Date acquired | Cost, normal purchase price | Full call number | Accession Number | Price effective from | Koha item type |
|---|---|---|---|---|---|---|---|---|---|---|---|
| MACL | MACL | 20/01/2021 | 795.00 | 364 | CRE037569 | 20/01/2021 | Books |









